Vista normal
Vista MARC
Entrada Nombre corporativo
Número de registros utilizados en: 32
001 - NÚMERO DE CONTROL
- Campo de control: 3259
003 - IDENTIFICADOR DE NÚMERO DE CONTROL
- Campo de control: ES-MaCES
005 - FECHA Y HORA DE LA ULTIMA MODIFICACION
- Campo de control: 20000920112000.0
008 - ELEMENTOS DE DATOS DE LONGITUD FIJA
- Campo de longitud fija: 981120 | azznnaabn || ana d
035 ## - NÚMERO DE CONTROL DEL SISTEMA
- Número de control del sistema: CES19980003216e
040 ## - FUENTE DE LA CATALOGACIÓN
- Agencia original de catalogación: ES-MaCES
- Idioma de catalogación: spa
- Agencia de transcripción: ES-MaCES
110 1# - ENCABEZAMIENTO--NOMBRE CORPORATIVO
- Nombre corporativo o de jurisdicción como elemento de entrada: España
- Unidad subordinada: Ministerio de Medio Ambiente
510 1# - TRAZADO VEÁSE ADEMÁS--NOMBRE CORPORATIVO
- Nombre corporativo o jurisdicción como elemento de entrada: España
- Unidad subordinada: Ministerio de Obras Públicas, Transportes y Medio Ambiente
670 ## - FUENTE DE DATOS ENCONTRADOS
- Fuente de citación: CD del CES
- Información encontrada: : véase para antes de 1996, Ministerio de Obras Públicas, Transporte y Medio Ambiente
901 ## - CES. DATOS SIRTEX
- ID Sirtex (N5N8): 0001800000321
- 005BIS Sirtex: 199811201753MIG

